000 05992cam a22006494i 4500
003 PE-LiUPU
005 20250731172837.0
008 151123s2014 ag r 000 0 spa d
020 _a9789877012385
035 _a(Sirsi) i9789877012385
040 _aPE-LiUPU
_bspa
_cPE-LiUPU
_erda
041 1 _aspa
_heng
049 _aPRUA
082 0 4 _a286.7325
_bHR
_220
100 1 _aWhite, Elena G. de.,
_eautor.
245 1 3 _aLa historia de la redención /
_cElena G. de White.
250 _aPrimera edición.
264 1 _aBuenos aires :
_bAsociación Casa Editora Sudamericana,
_c2014.
300 _a432 páginas ;
_c22 centímetros
336 _atext
_2rdacontent
337 _aunmediated
_2rdamedia
338 _avolume
_2rdacarrier
505 0 _aLa caída de Lucifer -- La creación -- Las consecuencias del rebelión -- La tentación y la caída -- Caín y Abel y sus ofrendas -- Set y Enoc -- El diluvio -- La torre de babel -- Abraham y la simiente prometida -- El casamiento de Isaac -- Jacob y Esaú -- Jacob y el ángel -- Los hijos de Israel -- Se manifiesta el poder de Dios -- Israel escapa de la esclavitud -- Las peregrinaciones del pueblo de Israel -- La ley de Dios -- El santuario terrenal -- Los espías y su informe -- El pecado de Moisés -- La muerte de Moisés -- La entrada en la tierra prometida -- El arca de Dios y las vicisitudes de Israel -- El primer advenimiento de Cristo -- El ministerio de Cristo -- La traición a Cristo -- El enjuiciamiento de Cristo -- La crucifixión de Cristo -- La resurrección de Cristo -- La ascensión de Cristo -- La ascensión de Cristo -- El pentecostés -- El saneamiento del paralítico -- Leales a Dios en medio de la persecución -- Organización evangélica -- La muerte de Esteba n -- La conversión de Saulo -- Los comienzos del ministerio de Pablo -- El ministerio de Pedro -- Pedro librado de la prisión -- En las regiones distantes -- Los años de ministerio de Pablo -- Los martirios de Pablo y de Pedro -- La gran apostasía -- El misterio de la iniquidad -- Los primeros reformadores -- Lutero y la gran reforma -- Los progresos de la reforma -- No se avanza como se debe -- El mensaje del primer ángel -- El mensaje del segundo ángel -- El clamor de media noche -- El santuario celestial -- El mensaje del tercer ángel -- Una plataforma firme -- Los engaños de Satanás -- El espiritismo -- El fuerte clamor -- El fin del tiempo de prueba -- La angustia de Jacob -- Liberación de los santos -- Recompensa de los santos -- El milenio -- La segunda resurrección -- La coronación de Cristo -- La segunda muerte -- La tierra nueva.
526 _aSEG42
526 _aSEG41
526 _aSEG40
526 _aSEG39
526 _aP94
526 _aP87
526 _aP86
526 _aP85
526 _aP77
526 _aP76
526 _aP35
534 _pTítulo original :
_tThe story of redemption, Review and Herald Publishing Asociaciátión, Hagerstown, MD, E.U.A., 1980.
541 _g0800-00000010;
650 0 4 _aSalvación
_xHistoria.
650 0 4 _aSalvation
_xHistory.
910 _aaas
_bjck
_caas
_d20151124
942 _2ddc
_cBOOK
949 _a286.7325 HR 2014
_wDEWEY
_c1
_i72077
_d2016-10-26
_e2016-10-20
_lCCODEBUL1
_mBUL
_n4
_p9.15
_r0
_sY
_tBOOK
_u2015-11-24
_xTEOLOGIA
_zUNKNOWN
_0COMPRA
_o.STAFF. Colección Teología
949 _a286.7325 HR 2014
_wDEWEY
_c2
_i72078
_d2016-11-30
_e2016-11-29
_lCCODEBUL1
_mBUL
_n5
_p9.15
_r0
_sY
_tBOOK
_u2015-11-24
_xTEOLOGIA
_zUNKNOWN
_0COMPRA
_o.STAFF. Colección Teología
949 _a286.7325 HR 2014
_wDEWEY
_c3
_i72079
_d2016-10-19
_e2016-10-18
_lCCODEBUL1
_mBUL
_n1
_p9.15
_r0
_sY
_tBOOK
_u2015-11-24
_xTEOLOGIA
_zUNKNOWN
_0COMPRA
_o.STAFF. Colección Teología
949 _a286.7325 HR 2014
_wDEWEY
_c4
_i72080
_d2016-12-4
_e2016-11-28
_lCCODEBUL1
_mBUL
_n10
_p9.15
_r0
_sY
_tBOOK
_u2015-11-24
_xTEOLOGIA
_zUNKNOWN
_0COMPRA
_o.STAFF. Colección Teología
949 _a286.7325 HR 2014
_wDEWEY
_c5
_i72081
_d2016-11-29
_e2016-11-23
_lCCODEBUL1
_mBUL
_n4
_p9.15
_r0
_sY
_tBOOK
_u2015-11-24
_xTEOLOGIA
_zUNKNOWN
_0COMPRA
_o.STAFF. Colección Teología
949 _a286.7325 HR 2014
_wDEWEY
_c6
_i72082
_d2016-12-1
_e2016-11-28
_lCCODEBUL1
_mBUL
_n6
_p9.15
_r0
_sY
_tBOOK
_u2015-11-24
_xTEOLOGIA
_zUNKNOWN
_0COMPRA
_o.STAFF. Colección Teología
949 _a286.7325 HR 2014
_wDEWEY
_c7
_i72083
_d2016-11-30
_e2016-11-29
_lCCODEBUL1
_mBUL
_n11
_p9.15
_r0
_sY
_tBOOK
_u2015-11-24
_xTEOLOGIA
_zUNKNOWN
_0COMPRA
_o.STAFF. Colección Teología
994 _aC0
_bPEPRU
596 _a1
999 _a286.7325 HR 2014
_wDEWEY
_c7917
_i72077
_d7917
_e2019-6-17
_f2021-11-11
_g5
_lCCODEBUL1
_mBUL
_n13
_p9.15
_q7
_r0
_sY
_tBOOK
_u2015-11-24
_xTEOLOGIA
_zUNKNOWN
_0COMPRA
_o.STAFF. Colección Teología
999 _a286.7325 HR 2014
_wDEWEY
_c2
_i72078
_d2019-11-7
_e2019-6-5
_f2021-11-11
_g5
_lCCODEBUL1
_mBUL
_n18
_p9.15
_q5
_r0
_sY
_tBOOK
_u2015-11-24
_xTEOLOGIA
_PP35
_0COMPRA
_o.STAFF. Colección Teología
999 _a286.7325 HR 2014
_wDEWEY
_c3
_i72079
_d2019-6-26
_e2018-11-15
_f2021-11-11
_g5
_lCCODEBUL1
_mBUL
_n7
_p9.15
_q2
_r0
_sY
_tBOOK
_u2015-11-24
_xTEOLOGIA
_PP35
_0COMPRA
_o.STAFF. Colección Teología
999 _a286.7325 HR 2014
_wDEWEY
_c4
_i72080
_d2019-6-11
_e2017-9-27
_f2021-11-11
_g5
_lCCODEBUL1
_mBUL
_n11
_p9.15
_q7
_r0
_sY
_tBOOK
_u2015-11-24
_xTEOLOGIA
_PP35
_0COMPRA
_o.STAFF. Colección Teología
999 _a286.7325 HR 2014
_wDEWEY
_c5
_i72081
_d2019-7-11
_e2019-6-13
_f2021-11-11
_g5
_lCCODEBUL1
_mBUL
_n8
_p9.15
_q2
_r0
_sY
_tBOOK
_u2015-11-24
_xTEOLOGIA
_PP35
_0COMPRA
_o.STAFF. Colección Teología
999 _a286.7325 HR 2014
_wDEWEY
_c6
_i72082
_d2022-6-17
_e2022-6-14
_f2021-11-11
_g5
_lCCODEBUL1
_mBUL
_n12
_p9.15
_q1
_r0
_sY
_tBOOK
_u2015-11-24
_xTEOLOGIA
_PP35
_0COMPRA
_o.STAFF. Colección Teología
999 _a286.7325 HR 2014
_wDEWEY
_c7
_i72083
_d2022-7-18
_e2019-11-17
_f2021-11-11
_g5
_lCCODEBUL1
_mBUL
_n22
_p9.15
_q10
_r0
_sY
_tBOOK
_u2015-11-24
_xTEOLOGIA
_PP35
_0COMPRA
_o.STAFF. Colección Teología
980 _81
_gALBERTO SANCHEZ Responsable de Automatización